Biodiversity and the Netherlands (Registro nro. 4052)

Detalles MARC
000 -CABECERA
Campo de control 00775nam a2200229 a 4500
005 - FECHA Y HORA DE LA ULTIMA TRANSACCION
Campo de control 20160118053739.0
008 - ELEMENTOS DE LONGITUD FIJA—INFORMACION GENERAL
Campo de control 140313b2002 ne a gr|||| 00| 0 enb d
040 ## - FUENTE DE CATALOGACIÓN
Agencia catalogadora original CO-BoIAVH
Agencia transcriptora CO-BoIAVH
041 ## - IDIOMA
Código de idioma para texto/pista de sonido o título separado Inglés
082 #4 - NUMERO DE CLASIFICACION DECIMAL DEWEY
Número de clasificación 333.951609462
Número del ítem D87b
090 ## - CLASIFICACIÓN LOCAL
Colección LB
Consecutivo 03752
100 1# - ASIENTO PRINCIPAL--NOMBRE PERSONAL
Nombre personal Duinhoven, Geert
245 1# - MENCION DE TITULO
Título Biodiversity and the Netherlands
Mención de responsabilidad Ministry of Agriculture, Nature Management and Fisheries
260 ## - PUBLICACION, DISTRIBUCION, ETC. (PIE DE IMPRENTA)
Lugar de publicación, distribución, etc. Wageningen
Nombre del editor, distribuidor, etc. National Reference Centre for Agriculture, Nature and Fisheries Management
Fecha de publicación, distribución, etc. 2002
300 ## - DESCRIPCION FISICA
Extensión 32 paginas.
Otros detalles físicos ilustraciones;
Dimensiones 26 x 23 cm.
650 #4 - ASIENTO SECUNDARIO DE MATERIA - TERMINO TEMATICO
Término temático o nombre geográfico como elemento de entrada Biodiversidad
Subdivisión geográfica Holanda
650 #4 - ASIENTO SECUNDARIO DE MATERIA - TERMINO TEMATICO
Término temático o nombre geográfico como elemento de entrada Conservacion
650 #4 - ASIENTO SECUNDARIO DE MATERIA - TERMINO TEMATICO
Término temático o nombre geográfico como elemento de entrada Politica
700 1# - ASIENTO SECUNDARIO - NOMBRE PERSONAL
Nombre personal Bleumink, Hans
942 ## - ELEMENTOS ADICIONALES (KOHA)
Tipo de ítem Libro
Sistema de clasificación Dewey Decimal Classification
945 ## - PROCESAMIENTO LOCAL
AAAA-MM-DD - Fecha de ingreso o modificacion 2004-08-13
Existencias
Withdrawn status Lost status Sistema de Clasificación Damaged status No para préstamo Colección Inventariado Ubicación Permanente Ubicación actual Fecha de adquisición Fuente de Valor Valor Total Checkouts Número topográfico Inventario / Código de Barras Date last seen Ejemplar Price effective from Forma de adquisición Tipo de material
    Dewey Decimal Classification     General Inventariado 2017 Bogotá Bogotá 13/08/2004 Instituto 30000.00   LB-333.951609462 D87b 016432 04/12/2012 Ej. 1 04/12/2012   Libro